000
00287cam a22001097a 4500
008
180718b-- xxu||||| |||| 00| 0 eng d
082
_a
T000x5464 S
100
_a
Tripura.
245
_a
Status paper on five year plan, Tripura
260
_a
Agartala
_b
The author
_c
--
500
_a
Library has 7
999
_c
489275
_d
489275